00489nam a2200181 a 4500001001300000003000900013005001700022008004100039020001100080082001700091100002500108245003200133260005400165300000900219500003500228650001900263700002500282nice12345678IN_TiNIC20260116013314.0070620s1996 newa grp 000 0 eng  ac180000a891.51bNIC2 aNicholson, Reynold A aMathnawi of Jalaliddin Rumi aNew Delhi bAdam Publisher and Distributer c1996 a416p aincludes index and biblioraphy aPersian Poetry1 aNicholson, Reynold A